Getting started in radio astronomy (Record no. 19059)

MARC details
000 -LEADER
fixed length control field 00597nam a2200193Ia 4500
003 - CONTROL NUMBER IDENTIFIER
control field IN-BaIIA
008 - FIXED-LENGTH DATA ELEMENTS--GENERAL INFORMATION
fixed length control field 211028s9999 xx 000 0 eng d
020 ## - INTERNATIONAL STANDARD BOOK NUMBER
International Standard Book Number 978-1-4614-8156-0
040 ## - CATALOGING SOURCE
Transcribing agency IIA Library
080 ## - UNIVERSAL DECIMAL CLASSIFICATION NUMBER
Universal Decimal Classification number 52-77
Item number ARN
100 ## - MAIN ENTRY--PERSONAL NAME
Personal name Arnold, Steven
9 (RLIN) 36397
245 #0 - TITLE STATEMENT
Title Getting started in radio astronomy
Remainder of title beginner projects for the amateur
Statement of responsibility, etc. Arnold, Steven
260 ## - PUBLICATION, DISTRIBUTION, ETC.
Place of publication, distribution, etc. New York
Name of publisher, distributor, etc. Springer
Date of publication, distribution, etc. 2014
300 ## - PHYSICAL DESCRIPTION
Extent xi, 208p.
490 ## - SERIES STATEMENT
Series statement The Patrick Moore practical astronomy series
650 ## - SUBJECT ADDED ENTRY--TOPICAL TERM
Topical term or geographic name entry element Radio astronomy
9 (RLIN) 2849
650 ## - SUBJECT ADDED ENTRY--TOPICAL TERM
Topical term or geographic name entry element Radio astronomy - popular work
9 (RLIN) 36398
942 ## - ADDED ENTRY ELEMENTS (KOHA)
Koha item type Books
Holdings
Withdrawn status Lost status Damaged status Not for loan Home library Current library Shelving location Date acquired Source of acquisition Total Checkouts Full call number Barcode Date last seen Price effective from Koha item type
        IIA Library-Bangalore IIA Library-Bangalore General Stacks 03/06/2015 EDS   52-77/ ARN 19981 05/11/2021 03/06/2015 Books

Powered by Koha